ბათუმის შოთა რუსთაველის სახელმწიფო უნივერსიტეტის ბიბლიოთეკა

BD Chaurasia's Human Anatomy Regional and Applied Dissection and Clinicaln : (ბიბ.ჩანაწერი № 58497)

000 -LEADER
fixed length control field 00767nam a22001937a 4500
005 - DATE AND TIME OF LATEST TRANSACTION
control field 20220428112530.0
008 - FIXED-LENGTH DATA ELEMENTS--GENERAL INFORMATION
fixed length control field 220428s2013 enk||||| |||| 00| 0 eng d
020 ## - INTERNATIONAL STANDARD BOOK NUMBER
International Standard Book Number 9788123923307
041 ## - LANGUAGE CODE
Language code of text/sound track or separate title eng
080 ## - UNIVERSAL DECIMAL CLASSIFICATION NUMBER
Universal Decimal Classification number 611(084.4) BD-13
245 ## - TITLE STATEMENT
Title BD Chaurasia's Human Anatomy Regional and Applied Dissection and Clinicaln :
Remainder of title Volume 1 Upper Limb Thorax /
Statement of responsibility, etc. Chief Editor Krishna Garg.
264 ## - PRODUCTION, PUBLICATION, DISTRIBUTION, MANUFACTURE, AND COPYRIGHT NOTICE
Place of production, publication, distribution, manufacture New Delhi :
Name of producer, publisher, distributor, manufacturer CBS Publishers &Distributors Pvt Ltd,
Date of production, publication, distribution, manufacture, or copyright notice 2013.
300 ## - PHYSICAL DESCRIPTION
Extent 310 p.:
Other physical details ill.
Dimensions 28 cm.
653 ## - INDEX TERM--UNCONTROLLED
keyword BD Chaurasia's Human Anatomy
653 ## - INDEX TERM--UNCONTROLLED
keyword Regional and Applied Dissection and Clinicaln
653 ## - INDEX TERM--UNCONTROLLED
keyword ადამიანის ანატომია | მედიცინა
700 ## - ADDED ENTRY--PERSONAL NAME
Personal name Garg, Krishna
Relator term Chief Editor
9 (RLIN) 9472
942 ## - ADDED ENTRY ELEMENTS (KOHA)
Source of classification or shelving scheme
Koha item type წიგნი
ეგზემპლარები
Withdrawn status Lost status Source of classification or shelving scheme Damaged status Not for loan Permanent Location Current Location Shelving location Date acquired Cost, normal purchase price Full call number Barcode Date last seen Copy number Price effective from Koha item type Public note
          ბათუმის შოთა რუსთაველის სახელმწიფო უნივერსიტეტის მთავარი ბიბლიოთეკა ბათუმის შოთა რუსთაველის სახელმწიფო უნივერსიტეტის მთავარი ბიბლიოთეკა წიგნსაცავი 2022-04-28 20.00 611(084.4) BD-13 62338 2022-04-28 62338 2022-04-28 წიგნი 20 ლ.